|
|
|
|
| LEADER |
00936cam a2200265 7i4500 |
| 001 |
0000027724 |
| 005 |
20120502090000.0 |
| 090 |
0 |
0 |
|a PHOT 658.8
|b MAL (CD)
|
| 110 |
2 |
0 |
|a Malaysia External Trade Development Corporation (MATRADE)
|
| 245 |
0 |
0 |
|a 2011 Effie Effectiveness Bootcamp (12 Mei 2011, MATRADE Hall Menara MATRADE : Kuala Lumpur).
|
| 300 |
# |
# |
|a 119 photographs:
|b col.;
|c 1 CD-RW.
|
| 500 |
0 |
0 |
|a Photographs
|
| 650 |
0 |
0 |
|a Ho Kay Tat
|
| 650 |
0 |
0 |
|a Azran Osman - Rani
|
| 650 |
0 |
0 |
|a Comar, Daniel
|
| 650 |
0 |
0 |
|a Howat, Don
|
| 650 |
0 |
0 |
|a Labarthe, Judd
|
| 650 |
0 |
0 |
|a Au - Yong, Margaret
|
| 650 |
0 |
0 |
|a Zayn Khan
|
| 650 |
0 |
0 |
|a Effie Effectiveness Bootcamp --
|y 2011
|
| 650 |
0 |
0 |
|a MATRADE --
|x Photographs collection --
|y 2011
|
| 650 |
0 |
0 |
|a Zakaria Kamaruddin, Dato' Haji
|
| 650 |
0 |
0 |
|a Noharuddin Nordin, Dato'
|
| 650 |
0 |
0 |
|a Halim Mohammad, Tan Sri Dato'
|
| 999 |
|
|
|a PC00000773
|b Photographs
|c Photographs
|e Business Information Centre
|